Statistiques concernant Devinez le joueur de foot - Difficile

Cliquez ici pour prendre le quiz!

Statistiques générales

  • Ce quiz a été pris 245 fois
  • Le résultat moyen est 9 sur 16

Statistiques - réponses

Réponse% Correct
Mitroglou
94%
Ruffier
93%
Jallet
90%
Turan
81%
Bakambu
76%
Alessandrini
75%
Vida
68%
Coupet
64%
Perin
62%
Neville
55%
Donovan
48%
Bobb
35%
El Ghazi
23%
Grbic
15%
Ghareeb
3%
Boudiaf
0%

Distribution des résultats

Percentile par nombre de réponses

% des personnes avec chaque résultat

Votre développement - résultats

Vous n’avez pas pris ce quiz